Algo pasa en la calle / (Record no. 123796)
[ view plain ]
| 000 -LEADER | |
|---|---|
| campo de control de longitud fija | 00537nam a2200193 4500 |
| 001 - NÚMERO DE CONTROL | |
| campo de control | 123796 |
| 003 - IDENTIFICADOR DE NÚMERO DE CONTROL | |
| campo de control | ES-MaACL |
| 007 - CAMPO FIJO DE DESCRIPCIÓN FÍSICA--INFORMACIÓN GENERAL | |
| campo de control de longitud fija | t| |
| 008 - DATOS DE LONGITUD FIJA--INFORMACIÓN GENERAL | |
| campo de control de longitud fija | 070214s1954 sp r ||||1| spa d |
| 100 0# - ENTRADA PRINCIPAL--NOMBRE DE PERSONA | |
| Nombre de persona | Quiroga, Elena, |
| Fechas asociadas al nombre | 1921-1995 |
| 9 (RLIN) | 94768 |
| 245 10 - MENCIÓN DEL TÍTULO | |
| Título | Algo pasa en la calle / |
| Mención de responsabilidad, etc. | Elena Quiroga. |
| 250 ## - MENCION DE EDICION | |
| Mención de edición | 1ª. ed. |
| 260 ## - PUBLICACIÓN, DISTRIBUCIÓN, ETC. | |
| Lugar de publicación, distribución, etc. | Barcelona : |
| Nombre del editor, distribuidor, etc. | Destino, |
| Fecha de publicación, distribución, etc. | 1954. |
| 300 ## - DESCRIPCIÓN FÍSICA | |
| Extensión | 220 p. ; |
| Dimensiones | 19 cm. |
| 490 1# - MENCIÓN DE SERIE | |
| Mención de serie | Ancora y delfín ; |
| Designación de volumen o secuencia | 102 |
| 830 00 - PUNTO DE ACCESO ADICIONAL DE SERIE-TÍTULO UNIFORME | |
| Título uniforme | Áncora y Delfín |
| Designación de volumen o secuencia | 102 |
| 9 (RLIN) | 151298 |
| 852 ## - LOCALIZACIÓN | |
| Ubicación | ES-MaACL |
| Número de control de estantería | C-9024 |
| Sublocalización o colección | R.37166 |
| Estatus retirado | Estado de pérdida | Estado de daño | No para préstamo | Biblioteca de origen | Biblioteca actual | Ubicación en estantería | Fecha de adquisición | Fuente de adquisición | Total de préstamos | Signatura topográfica completa | Código de barras | Visto por última vez | Precio de reemplazo | Tipo de ítem Koha |
|---|---|---|---|---|---|---|---|---|---|---|---|---|---|---|
| Biblioteca del Ateneo de Madrid | Biblioteca del Ateneo de Madrid | Sala Palomar | 17/01/2008 | C-9024 | 1128979 | 23/02/2023 | 23/02/2023 | Libro impreso |
